000 01277cam a2200301 a 4500
001 3541204
005 20060728202106.0
008 970103s1997 enk |rb 001 0 eng
010 _a 97001476
020 _a0415109779
020 _a0415109787 (pbk.)
040 _aDLC
_cDLC
_dDLC
050 0 0 _aB1603.U873
_bC75 1997
082 0 0 _a171.5
_222
_bCRI
100 1 _aCrisp, Roger,
_d1961-
_911001
245 1 0 _aRoutledge Philosophy Guidebook to Mill on Utilitarianism /
_cRoger Crisp.
246 3 0 _aMill on utilitarianism
260 _aLondon :
_bRoutledge, 1997
_c1997.
300 _axiii, 232 p. ;
_c21 cm.
490 _aRoutledge philosophy guidebooks
504 _aIncludes bibliographical references (p. 217-227) and index.
600 1 0 _aMill, John Stuart,
_d1806-1873.
_tUtilitarianism.
_911002
650 0 _aUtilitarianism.
_911003
856 4 2 _3Publisher description
_uhttp://www.loc.gov/catdir/enhancements/fy0648/97001476-d.html
942 _2ddc
_cBB
999 _c13291
_d13291